000
00216nam a2200097Ia 4500
008
170620s9999 xx 000 0 und d
100
_a
Sharma-O.P
245
0
_a
Athletic Injuries
260
_b
New delhi.Khel.S.k
260
_c
1999
300
_a
176
999
_c
27653
_d
27653